000 00638nam a2200241Ia 4500
003 OSt
005 20220918190644.0
006 a|||||r|||| 00| 0
007 ta
008 220917b |||||||| |||| 00| 0 eng d
024 _a58,450
037 _cTextual
040 _aARTS
_cARTS
_beng
041 _2eng
_aeng
082 _aQ126:21:90P15:1, 111K7
100 _aKatyayana
245 0 _aSuklayajuh pratisakhya ed and tr by Indu Rastogi
260 _c1967
490 _aKashi-sanskrit series; 179
650 _aRELIGION
942 _hQ126:21:90P15:1, 111K7
_cTEXL
_2CC
999 _c186279
_d186279